| 000 | 01326nam a2200337 c 4500 | ||
|---|---|---|---|
| 003 | BLK | ||
| 005 | 20180420231256.0 | ||
| 008 | 180409b bul|||||r ||||||| ||bul|| | ||
| 010 | _aKNG00123598000 | ||
| 020 |
_a978-954-431-537-5 _bиздат.: Златното пате |
||
| 040 | _aBLK | ||
| 041 |
_aBUL _cBUL |
||
| 072 | 7 |
_2bullib _aН86 _xДетска отраслова литература Н |
|
| 080 |
_aИздания за деца и юноши. Книжки-картинки. Читанки. Вж и 372.4 _b087.5 _x _z087.5 |
||
| 700 | 1 |
_aДжентили, Мария Рита _eил. _9306043 |
|
| 139 |
_aВ дълбините на морето _bВ 11 |
||
| 245 | 1 | 0 |
_aВ дълбините на морето _cил. Мария Рита Джентили. |
| 257 | _aITA | ||
| 260 |
_аСофия _bЗлатното пате _c2009 _fОтпеч. в Китай |
||
| 300 |
_a10 с. _bс цв. ил. _c20x21 см |
||
| 380 | _aDN | ||
| 500 | _aКор. опис. - Без сведение за ориг. загл. - Кн. има 10 отделящи се фигурки. | ||
| 653 | _aпъзели | ||
| 653 | _aкнижки-картинки | ||
| 659 | _aН | ||
| 852 | _aЦб 251958 | ||
| 856 | 4 |
_qpdf _u |
|
| 856 | 4 |
_qpdf _u |
|
| 942 |
_cKNG _n0 |
||
| 944 |
_aCR _c16.06.2011 _kМилена_Ачева |
||
| 944 |
_aED _c17.09.2011 _k |
||
| 999 |
_c117997 _d117997 |
||